000 00723cam a2200229 4500500
005 20260329004701.0
041 _afre
042 _adc
100 1 0 _ade Oliveira, Victorine
_eauthor
245 0 0 _aLaurence Devillairs : “La Rochefoucauld nous débarrasse de l’impératif moderne d’être soi”
260 _c2020.
500 _a29
690 _aAmour-propre
690 _aCogito
690 _aDescartes
690 _aLaurence Devillairs
690 _aMoi
690 _aSolitude
690 _aVanité
786 0 _nPhilosophie magazine | 143 | 10 | 2020-10-01 | p. 43-45 | 1951-1787
856 4 1 _uhttps://shs.cairn.info/magazine-philosophie-magazine-2020-10-page-43?lang=fr&redirect-ssocas=7080
999 _c1836245
_d1836245